Click the Billy Joel Song Title Ending - Statistics

General Stats
  • This quiz has been taken 592 times
  • The average score is 24 of 30
Answer Stats
Hint Answer % Correct
Piano Man
99%
We Didn't Start the Fire
98%
Uptown Girl
98%
Only the Good Die Young
97%
Just the Way You Are
96%
New York State of Mind
95%
52nd Street
94%
Scenes from an Italian Restaurant
93%
She's Always a Woman
91%
It's Still Rock and Roll To Me
89%
And So It Goes
87%
Captain Jack
87%
To Make You Feel My Love
87%
You May Be Right
87%
Don't Ask Me Why
85%
The Entertainer
84%
The River of Dreams
82%
The Longest Time
80%
Tell Her About It
75%
Easy Money
72%
She's Got a Way
72%
My Life
70%
Big Shot
70%
Movin' Out Anthony's Song
68%
Everybody Loves You Now
66%
Goodnight Saigon
63%
Summer, Highland Falls
60%
A Matter of Trust
58%
The Downeaster Alexa
50%
Baby Grand
48%
No matching quizzes found
Score Distribution
Percent of People with Each Score
Percentile by Number Answered
Your Score History
You have not taken this quiz